00324 a2200097 450000100060000008200190000610000640002524500770008926000340016660000260020055475 a621.381322 BAR aBarker, Robert J.aJohn H. Booske ; Neville C. Luhimann, Jr aModern microwave and millimeter-wave power electronicscRobert J. Barker aNJbWilley intersciencec2005 aGregory S. Nusinovich